Obytná zóna pre študentov a pedagógov, Grands Ateliers, Fancúzsko
Salvato in:
| Autore principale: | |
|---|---|
| Altri autori: | |
| Natura: | Manoscritto Libro |
| Lingua: | slovacco |
| Pubblicazione: |
2025
|
| Soggetti: | |
| Accesso online: | http://is.stuba.sk/zp/portal_zp.pl?podrobnosti=179191 CRZP |
| Tags: |
Nessun Tag, puoi essere il primo ad aggiungerne!!
|
MARC
| LEADER | 00000ntm a22000003a 4500 | ||
|---|---|---|---|
| 001 | stuzp105455 | ||
| 003 | SK-STU | ||
| 005 | 20250731150928.6 | ||
| 007 | ta | ||
| 008 | 150427s2015----xo-----f-mn---000-0-slo-d | ||
| 040 | |a STU |b slo | ||
| 041 | 0 | |a slo | |
| 100 | 1 | |a Ridegová, Lea |u 010310 |4 aut |U SvF Stavebná fakulta |T SvF Katedra architektúry |X 93146 |U V181|V310 |Y 19 |7 93146 | |
| 242 | 0 | 1 | |a Residential zone for students and teachers, Grand Ateliers, France |y eng |
| 245 | 1 | 0 | |a Obytná zóna pre študentov a pedagógov, Grands Ateliers, Fancúzsko |
| 260 | |c 2025 | ||
| 650 | 4 | |a residential zone |2 eng | |
| 650 | 4 | |a Saint-Gobain |2 eng | |
| 650 | 4 | |a renovation of the old school |2 eng | |
| 650 | 4 | |a obytná zóna |2 slo | |
| 650 | 4 | |a Saint-Gobain |2 slo | |
| 650 | 4 | |a renovácia starej školy |2 slo | |
| 700 | 1 | |a Ruhig, Roman |u 010310 |k Z1 |4 ths |U SvF Stavebná fakulta |T SvF Katedra architektúry |X 7452 |U V181|V310 |Y 19 |7 A000007452 | |
| 856 | 4 | |u http://is.stuba.sk/zp/portal_zp.pl?podrobnosti=179191 | |
| 856 | 4 | |u https://opac.crzp.sk/?fn=detailBiblioForm&sid=226A7A544DA3649F6D5739E9F6D0 |z CRZP | |